Colección de códigos de la República de Chile
Guardat en:
| Format: | Llibre |
|---|---|
| Idioma: | espanyol |
| Publicat: |
Santiago
Librería Miranda
1904
|
| Matèries: | |
| Etiquetes: |
Afegir etiqueta
Sense etiquetes, Sigues el primer a etiquetar aquest registre!
|
MARC
| LEADER | 00000nam a2200000 a 4500 | ||
|---|---|---|---|
| 001 | UCS3659 | ||
| 003 | CL-VaPUC | ||
| 008 | 970704e19040000CL |||||||||||||||||spa|d | ||
| 082 | 0 | 4 | |a 348.023 |b COD |2 21 |
| 245 | 1 | 0 | |a Colección de códigos de la República de Chile |
| 300 | |a pag. irreg. | ||
| 942 | |c BK | ||
| 945 | |d 19970704 00:00:00 |a lriquelm | ||
| 260 | |a Santiago |b Librería Miranda |c 1904 | ||
| 500 | |a Incluye: Constitución Política, Código Civil, Código de Procedimiento Civil, Código de Comercio, Código Penal, Código de Procedimiento Penal, Código de Minería y Lei de Organización i Atribuciones de los Tribunales | ||
| 650 | 0 | |a Códigos |9 352314 | |
| 650 | 0 | |a Constitución política |9 336925 | |
| 650 | 0 | |a Derecho civil |9 255013 | |
| 650 | 7 | |a DERECHO DE PROCEDIMIENTO CIVIL |2 CL-VaPUC |9 352922 | |
| 650 | 0 | |a Derecho comercial |9 256340 | |
| 650 | 7 | |a DERECHO PENAL |2 CL-VaPUC |9 11 | |
| 650 | 7 | |a DERECHO DE PROCEDIMIENTO PENAL |2 CL-VaPUC |9 389873 | |
| 650 | 0 | |a Derecho de minería |9 344919 | |
| 651 | 7 | |a CHILE |2 CL-VaPUC |9 389874 | |
| 583 | |a last modification |c 19970704 00:00:00 |k Rodrigo Vera | ||
| 999 | |c 261295 |d 261293 | ||
| 952 | |0 0 |1 0 |2 ddc |4 0 |5 1 |6 348_023000000000000_COD_1904 |7 1 |8 C_LRYV |9 288621 |a FDOBRV |b BIBDER |d 2019-11-19 |i 1869191 |o 348.023 COD 1904 |p 1869191 |r 2023-01-25 |w 2019-11-19 |y BK_X |k BRV | ||